MDQL
is popping MORE tags! Check the
thread
!
Quizzes
Events
Quiz Creation
Community
Videos
Private Events
Remove Ads
Sign In
Join for FREE
Feedback
Dark Mode
Quiz Categories
Sports
Geography
Music
Movies
Television
Just For Fun
Miscellaneous
History
Literature
Language
Science
Gaming
Entertainment
Religion
Holiday
For Kids
Quiz Lab
Recent
Popular Today
Quiz Kudos Today
Editor Picks
Curator Picks
Quizzes by...
Day
Popularity
Type
Ratings
Length
Year
Community
Subscriptions
Recent Discussions
Orange Saloon
Badges
Playlists
Quests
Create
Leaderboards
Showdown
Live 5
Trivia Bingo
Activity
Puzzle Library
Sporcle Events
Private Events
Virtual Trivia
Globe League
Become a Host
Pub Owners
SporcleCon
Opinionation
Our Games
Videos
Blog
Mobile Apps
Partnerships
Remove Ads and Go Orange
Feedback
History
US Presidents
World Leaders
Politics
Nation
Discovery
War
Decade
Year
Century
Biography
Art
History
US Presidents
World Leaders
Politics
Nation
Discovery
War
Decade
Year
Century
Biography
Art
Random Quiz
Search Sporcle
×
Quiz Lab
Quiz Lab
History
War
Type in answers that appear in a list
Type in answers that appear in a list
Classic
Best Score? Go Orange.
Victor of the Battle: American Revolution Stats
Can you name the winner (Americans/British) of the following battles of the American Revolution ?
By
Extinctanimals22
4m
20 Questions
245 Plays
245 Plays
245 Plays
Comments
Comments
Give Quiz Kudos
Give Quiz Kudos
-
- Ratings
hide this ad
More Info
Forced Order
Answers have to be entered in order
Answers have to be entered in order
Wrong Answers
Some wrong answers will appear in red
Some wrong answers will appear in red
Replay
Link that replays current quiz
Next Quiz
Link to next quiz in quiz playlist
You Got
0%
They Got
Avg Score
65%
Avg Friend Score
Upgrade to see
Score Distribution
Jump to the score distribution portion of the page
Score
0/20
Timer
04:00
0
Plays Today
Battle
Victor (B or A)
% Correct
Battle of Quebec
???
83.3%
Battle of Yorktown
???
80.8%
Battle of Trenton
???
77.1%
Battle of Saratoga (Bemis Heights)
???
76.3%
Battle of Bunker (Breeds) Hill
???
75.9%
Battle of Lexington and Concord
???
73.9%
Siege of Fort Ticonderoga
???
72.2%
Battle of Long Island
???
71.8%
Battle of Princeton
???
69%
Capture of Savannah
???
69%
Battle
Victor (B or A)
% Correct
Siege of Charleston
???
68.2%
Battle of Cowpens
???
66.9%
Battle of King's Mountain
???
66.1%
Battle of Brandywine
???
65.3%
Battle of Fort Washington
???
64.1%
Battle of Germantown
???
60.8%
Battle of Camden
???
54.7%
Battle of Bennington
???
51.8%
Battle of Guilford Courthouse
???
38.8%
Battle of Freeman's Farm (Saratoga)
???
28.6%
Quiz Playlist
Details
Report
Send in Message
Add To Playlist
More Info:
Only A for Americans and B for British is needed.
Classic:
Type in answers that appear in a list
Forced Order:
Answers have to be entered in order
Wrong Answers:
Some wrong answers will appear in red
Quiz Source
Last Updated: Feb 16, 2017
Quiz Scoreboard
CHALLENGE
Sign Up to Join the Scoreboard
Show All
Scores
Hide
Comments
May contain spoilers
Recently Published
1-10 Letter E Words III
by El_Dandy
Language
2m
Street Fighter Characters
by Artimus82
Gaming
60s
College Basketball Coaching Resumes
by pancakes188
Sports
9m
More to Explore
Quiz From the Vault
Featured Blog Post
Where Did the Easter Bunny Come From?
hide this ad
You Might Also Like...
Tags
War Quiz
America
American Revolution
battle
British
date
Revolution
Victor
Winner
Today's Top Quizzes in History
Browse History
hide this ad
Today's Top Quizzes in War
Browse War
Top Contributed Quizzes in History
1
Popular People in 1991
2
Popular People in 1981
3
Popular People in 1951
4
Popular People in 1941
5
Popular People in 1986
6
Popular People in 1976
7
Popular People in 1921
8
5-to-1: 20th Century Images of War
9
I Am Born On March 28th
10
Popular People in 1946
Explore More
Trending Topics
Kpop
Crossword
Disney
NBA
Harry Potter
Anime
Marvel
The Office
Pokémon
Country
Puzzle
WWE
Soccer
Song
NFL
hide this ad
More By:
Extinctanimals22
Quiz
Plays
Rating
Category
Featured
Created
100 Tiny Animals
88,855
3.78
Science
Jun 21, 2012
'Heroes of Olympus' Seven Demigods
47,544
4.10
Literature
Dec 26, 2012
Disney Character by Superpower
40,664
4.39
Movies
Jan 7, 2022
Animated Superhero Teams
38,440
4.33
Entertainment
Feb 22, 2016
Talking Animals of Narnia
37,407
4.68
Literature
Jan 31, 2013
Go to Creator's Profile
Score Distribution
Quiz Creator Spotlight
Extinctanimals22
Follow
Send a Message
Quizzes Created
-
Created Quiz Play Count
-
More By This Creator
Popular Quizzes Today
1
Find the US States - No Outlines Minefield
2
Find the Countries of Europe - No Outlines Minefield
3
Find the US States
4
The Countries of the World
5
Risky Map Clicking: Biggest States A-Z
6
US States
7
Popular People in 1961
8
Movies - When Are They Set?
More History Quizzes
Select People: Croatians
Editor's Pick
Trending Quizzes
Risky Map Clicking: Least Populous States A-Z
1-10 Letter G Words
Countries of the World: 200 Million BC
1-10 Letter F Words
Risky Map Clicking: Next State Alphabetically
Recently Updated
Largest US Cities 1790-2010
pecheneg
Rides in Walt Disney World
pecheneg
Most Oscar Losses (Acting)
pecheneg
Beyoncé Albums
pecheneg
Leaping Animals
pecheneg
Reality TV Shows (A-Z)
bhenderson79
Rickey Henderson's Hall of Fame Teammates
pecheneg
Champions League XIs: Arsenal
pecheneg
Quick Pick: Celebrities in WWE's Hall of Fame
aduchscher
A-Z Keypad Blitz II
pecheneg
Trending Topics
Anime
NBA
Crossword
Kpop
Marvel
Harry Potter
Disney
WWE
Soccer
NFL
The Office
Pokémon
Puzzle
Song
Country
Your Account Isn't Verified!
In order to create a playlist on Sporcle, you need to verify the email address you used during registration. Go to your
Sporcle Settings
to finish the process.
Report this User
Report this user for behavior that violates our
Community Guidelines
.
Details:
Send Report
Go to the Sporcle.com Mobile Site →
Comments